| 000 | 00933cam a2200301 i 4500 | ||
|---|---|---|---|
| 001 | 3160668 | ||
| 003 | OSt | ||
| 005 | 20140310182429.0 | ||
| 008 | 760305s1975 enk b 000 0 eng | ||
| 010 | _a 75002896 | ||
| 015 | _aGB75-27385 | ||
| 040 |
_aDLC _cDLC _dDLC |
||
| 050 |
_aPR 2803 _b.Sh527 2004 |
||
| 100 | 1 |
_aShakespeare, William, _d1564-1616. _97770 |
|
| 245 | 1 | 0 |
_aAs you like it / _cWilliam Shakespeare ; edited by Agnes Latham. |
| 250 | _aRevised and reset ed. | ||
| 260 |
_aLondon : _bMethuen, _cc1975. |
||
| 300 |
_a135 p. : _c23 cm. |
||
| 490 | 0 | _aThe Arden Shakespeare | |
| 650 | 0 |
_aFathers and daughters _xDrama. _97771 |
|
| 650 | 0 |
_aExiles _xDrama. _97772 |
|
| 655 | 7 |
_aPastoral drama. _2gsafd _97773 |
|
| 655 | 7 |
_aComedies. _2gsafd _97774 |
|
| 700 | 1 |
_aLatham, Agnes M. C. _q(Agnes Mary Christabel) _97775 |
|
| 906 |
_a7 _bcbc _corignew _d2 _eocip _f19 _gy-gencatlg |
||
| 942 |
_2lcc _cSSLC |
||
| 999 |
_c13329 _d13329 |
||